Practical RDF / (Record no. 193052)

MARC details
000 -LEADER
campo de control de longitud fija 01628nam a2200409 i 4500
001 - NÚMERO DE CONTROL
campo de control 193052
003 - IDENTIFICADOR DE NÚMERO DE CONTROL
campo de control ES-MaACL
005 - FECHA Y HORA DE LA ÚLTIMA TRANSACCIÓN
campo de control 20240707063035.0
007 - CAMPO FIJO DE DESCRIPCIÓN FÍSICA--INFORMACIÓN GENERAL
campo de control de longitud fija ta
008 - DATOS DE LONGITUD FIJA--INFORMACIÓN GENERAL
campo de control de longitud fija 230726s2003 xxua 001 0 eng c
020 ## - NÚMERO INTERNACIONAL ESTÁNDAR DEL LIBRO
Número Internacional Estándar del Libro 0596002637
035 ## - NÚMERO DE CONTROL DEL SISTEMA
Número de control de sistema Rebiun03553537
040 ## - FUENTE DE CATALOGACIÓN
Centro catalogador/agencia de origen NoBUC.
Centro/agencia modificador SpMaUCEI
Lengua de catalogación spa
Centro/agencia transcriptor ES-MaACL
080 ## - NÚMERO DE LA CLASIFICACIÓN DECIMAL UNIVERSAL
Número de la Clasificación Decimal Universal 025:004.738.5
080 ## - NÚMERO DE LA CLASIFICACIÓN DECIMAL UNIVERSAL
Número de la Clasificación Decimal Universal 025.315:004
080 ## - NÚMERO DE LA CLASIFICACIÓN DECIMAL UNIVERSAL
Número de la Clasificación Decimal Universal 004.7
100 1# - ENTRADA PRINCIPAL--NOMBRE DE PERSONA
Nombre de persona Powers, Shelley
9 (RLIN) 233876
Término indicativo de función/relación Autor
245 10 - MENCIÓN DEL TÍTULO
Título Practical RDF /
Mención de responsabilidad, etc. Shelley Powers
246 03 - FORMA VARIANTE DEL TITULO
Título propio/Titulo breve RDF
250 ## - MENCION DE EDICION
Mención de edición 1st ed
260 ## - PUBLICACIÓN, DISTRIBUCIÓN, ETC.
Lugar de publicación, distribución, etc. Sebastopol (California) :
Nombre del editor, distribuidor, etc. O'Reilly,
Fecha de publicación, distribución, etc. 2003
300 ## - DESCRIPCIÓN FÍSICA
Extensión XV, 331 p. :
Otras características físicas il. ;
Dimensiones 24 cm
336 ## - TIPO DE CONTENIDO
Fuente rdacontent
Término de tipo de contenido Texto
337 ## - TIPO DE MEDIO
Fuente rdamedia
Nombre/término del tipo de medio sin mediación
338 ## - TIPO DE SOPORTE
Fuente rdacarrier
Nombre/término del tipo de soporte volumen
500 ## - NOTA GENERAL
Nota general Catalogación provisional. Signatura: N 8536. Depósito J.
520 8# - RESUMEN, ETC.
Sumario, etc. The Resource Description Framework (RDF) is a structure for describing and interchanging metadata on the Web. Practical RDF explains RDF from the ground up, providing real-world examples and descriptions of how the technology is being used in applications like Mozilla, FOAF, and Chandler, as well as infrastructure you can use to build your own applications
650 07 - PUNTO DE ACCESO ADICIONAL DE MATERIA--TÉRMINO DE MATERIA
Término de materia o nombre geográfico como elemento de entrada Metadatos
9 (RLIN) 175499
650 04 - PUNTO DE ACCESO ADICIONAL DE MATERIA--TÉRMINO DE MATERIA
Término de materia o nombre geográfico como elemento de entrada Web semántica
9 (RLIN) 233877
650 04 - PUNTO DE ACCESO ADICIONAL DE MATERIA--TÉRMINO DE MATERIA
Término de materia o nombre geográfico como elemento de entrada Publicaciones electrónicas
Subdivisión general Catalogación
9 (RLIN) 233878
852 ## - LOCALIZACIÓN
Ubicación ES-MaACL
Sublocalización o colección R 134117
Ubicación en estantería Depósito J
Número de control de estantería N 8536
Nota libre En proceso
itemnumber 200357
942 ## - ELEMENTOS DE ENTRADA SECUNDARIOS (KOHA)
Suprimir en OPAC No
Tipo de ítem Koha Libro impreso
Holdings
Estatus retirado Estado de pérdida Fuente del sistema de clasificación o colocación Estado de daño No para préstamo Colección Biblioteca de origen Biblioteca actual Ubicación en estantería Fecha de adquisición Total de préstamos Signatura topográfica completa Código de barras Visto por última vez Precio de reemplazo Tipo de ítem Koha
    Clasificación decimal universal     Biblioteca profesional Biblioteca del Ateneo de Madrid Biblioteca del Ateneo de Madrid Depósito J 01/07/2023   N-8536 101205650 26/07/2023 26/07/2023 Libro impreso